Raymere Ltd v Belle Vue Gardens Ltd (Record no. 73499)
[ view plain ]
| 000 -LEADER | |
|---|---|
| fixed length control field | 02175cam a2200253 4500 |
| 001 - CONTROL NUMBER | |
| control field | ABS67083 |
| 008 - FIXED-LENGTH DATA ELEMENTS--GENERAL INFORMATION | |
| fixed length control field | 030930n2003 000 0 eng u |
| 035 ## - SYSTEM CONTROL NUMBER | |
| System control number | (Sirsi) u123773 |
| 245 ## - TITLE STATEMENT | |
| Title | Raymere Ltd v Belle Vue Gardens Ltd |
| 260 ## - PUBLICATION, DISTRIBUTION, ETC. | |
| Date of publication, distribution, etc. | 2003 |
| 490 ## - SERIES STATEMENT | |
| Series statement | Estates Gazette |
| Volume/sequential designation | [2003] 38 EG 144-152(9) |
| 520 ## - SUMMARY, ETC. | |
| Summary, etc. | [2003] EWCA Civil 996, 17 July 2003. Respondent nominee purchaser (B) served notices under the Leasehold Reform, Housing and Urban Development Act 1993 s13 on appellant landlord (R) to acquire the freehold of R's three blocks of flats owned by R. All 49 participating tenants had registered title except one. R gave notice under s20 of the 1993 Act that B should deduce all 49 tenants' registered titles within the 21 day time limit. B supplied office copies of only 48 registered titles with correct Land Registry endorsements. R contended that B had not supplied all 49 titles by the relevant date, had not complied with the s20 notices and the notices were deemed accordingly to be withdrawn. R's declarations were not upheld either in the County Court or on appeal. R appealed. "Held" appeal dismissed. B did not fail to comply with the s20 notice merely because B's evidence or material supplied in answer to the S20 notice was less than perfect or conclusive. The requirement to deduce title is simply a procedural requirement that the nominee purchaser provide evidence to support the assertion in the initial notice that the tenant was, at the relevant date, the owner of the lease particularised in the initial notice. View judgment at http://www.bailii.org. |
| 590 ## - LOCAL NOTE (RLIN) | |
| Local note | ABS |
| 650 ## - SUBJECT ADDED ENTRY--TOPICAL TERM | |
| Topical term or geographic name entry element | SECTION 20 NOTICES |
| 650 ## - SUBJECT ADDED ENTRY--TOPICAL TERM | |
| Topical term or geographic name entry element | REGISTERED TITLE |
| 650 ## - SUBJECT ADDED ENTRY--TOPICAL TERM | |
| Topical term or geographic name entry element | LEASEHOLD REFORM, HOUSING AND URBAN DEVELOPMENT ACT 1993 S20 |
| 650 ## - SUBJECT ADDED ENTRY--TOPICAL TERM | |
| Topical term or geographic name entry element | LEASEHOLD REFORM, HOUSING AND URBAN DEVELOPMENT ACT 1993 S21(2)(B) |
| 650 ## - SUBJECT ADDED ENTRY--TOPICAL TERM | |
| Topical term or geographic name entry element | LEASEHOLD REFORM, HOUSING AND URBAN DEVELOPMENT ACT 1993 S22 |
| 650 ## - SUBJECT ADDED ENTRY--TOPICAL TERM | |
| Topical term or geographic name entry element | RIGHT TO ENFRANCHISE |
| 650 ## - SUBJECT ADDED ENTRY--TOPICAL TERM | |
| Topical term or geographic name entry element | RAYMERE LTD V BELLE VUE GARDENS LTD |
| 690 ## - LOCAL SUBJECT ADDED ENTRY--TOPICAL TERM (OCLC, RLIN) | |
| Topical term or geographic name as entry element | LANDLORD AND TENANT-LEASEHOLD REFORM-CASE LAW |
| 856 ## - ELECTRONIC LOCATION AND ACCESS | |
| Uniform Resource Identifier | <a href="https://www.bailii.org/ew/cases/EWCA/Civ/2003/996.html">https://www.bailii.org/ew/cases/EWCA/Civ/2003/996.html</a> |
| Public note | View judgment on BAILII website. |
| 942 ## - ADDED ENTRY ELEMENTS (KOHA) | |
| Suppress in OPAC | 0 |
| Withdrawn status | Lost status | Source of classification or shelving scheme | Damaged status | Not for loan | Home library | Current library | Shelving location | Date acquired | Total Checkouts | Full call number | Barcode | Date last seen | Copy number | Price effective from | Koha item type |
|---|---|---|---|---|---|---|---|---|---|---|---|---|---|---|---|
| Dewey Decimal Classification | London | London | Journal article | 30/09/2003 | ABS67083 | 123773-1001 | 06/08/2019 | 1 | 06/08/2019 | Law report |